000 00691nam a2200217 a 4500
001 000042789
003 DO-SdBNP
005 20171023074322.0
007 000042789
008 140210s2011 dr 000 0 spa d
040 _aBPMET
_bspa
_cBPMET
110 _4Ministerio de Cultura (República Dominicana)
245 0 0 _aPoemas de Manuel del Cabral para leer en el metro. /
260 _aSanto Domingo, :
_bMinisterio de Cultura,
_c2011.
300 _a19 p. ;
_c23 cm.
700 1 _aReyes, Pablo
711 _4Festival internacional de poesía
_c(Santo Domingo
_d2011: 19-26 oct.)
942 _2ddc
_cBK
945 _aInventariado / 2017 VM
956 _aVMATEO
_b10
_c20150416
_lBPMSU
_h00151
999 _c7660
_d7660